Journal of international business studies

Salvato in:
Dettagli Bibliografici
Natura: Periodico
Lingua:inglese
Pubblicazione: New Orleans The Academy of International Business 1987
Soggetti:
Tags: Aggiungi Tag
Nessun Tag, puoi essere il primo ad aggiungerne!!

MARC

LEADER 00000nas2a2200000 4500
001 s018622
005 20240109085738.2
022 |a 0047-2506 
041 0 |a eng 
044 |a US 
245 1 0 |a Journal of international business studies 
264 1 |a New Orleans  |b The Academy of International Business  |c 1987 
300 |a 1 zv. 
773 0 |w eu_un_cat*s120829 
610 2 0 |a obchod medzinárodný